| 000 | 01745nam a2200301 a 4500 | ||
|---|---|---|---|
| 008 | 120416s1992 ||||||||||||||||| || u | ||
| 020 | _a0201523949 | ||
| 050 | _aJK 469 Osb | ||
| 100 | _aGaebler, Ted | ||
| 245 | 1 | 0 | _aReinventing government |
| 246 | _ahow the enterpreneurial spirit is transforming the public sector | ||
| 260 |
_aReading, Mass. _bAddison-Wesley _c1992 |
||
| 300 | _axxii, 405p. | ||
| 350 | _a0.00 | ||
| 500 | _a'A William Patrick book.' -Includes bibliographical references (p. [361]392) and index. | ||
| 650 | _aBUREAUCRACY--UNITED STATES | ||
| 650 | _aGovernment productivity--United States | ||
| 650 | _aGOVERNMENT | ||
| 650 | 0 | _aENTREPRENEURSHIP--UNITED STATES | |
| 650 | _aADMINSTRATIVE AGENCIES--UNITED STATES | ||
| 700 | _aOsborne, David, 1951- | ||
| 995 |
_aANNEX COLLECTION (Main Library) _D0.00 _e727144 _FCBU-MAIN LIBRARY (Kitwe) _H2 _I65.00 _jJK 469 Osb _M1 _UAVAILABLE _y018549 _ZAnnex Low-Usage Collection |
||
| 995 |
_aANNEX COLLECTION (Main Library) _D0.00 _e727143 _FCBU-MAIN LIBRARY (Kitwe) _H1 _I65.00 _jJK 469 Osb _M2 _UAVAILABLE _y018552 _ZAnnex Low-Usage Collection |
||
| 995 |
_aANNEX COLLECTION (Main Library) _D0.00 _e727440 _FCBU-MAIN LIBRARY (Kitwe) _H4 _I65.00 _jJK 469 Osb _M5 _UAVAILABLE _y50755 _ZAnnex Low-Usage Collection |
||
| 995 |
_aANNEX COLLECTION (Main Library) _D0.00 _e727441 _FCBU-MAIN LIBRARY (Kitwe) _H6 _I65.00 _jJK 469 Osb _M6 _UAVAILABLE _y44122 _ZAnnex Low-Usage Collection |
||
| 995 |
_aANNEX COLLECTION (Main Library) _D0.00 _e727438 _FCBU-MAIN LIBRARY (Kitwe) _H3 _I65.00 _jJK 469 Osb _M4 _UAVAILABLE _y44124 _ZAnnex Low-Usage Collection |
||
| 995 |
_aANNEX COLLECTION (Main Library) _D0.00 _e727439 _FCBU-MAIN LIBRARY (Kitwe) _H5 _I65.00 _jJK 469 Osb _M3 _UAVAILABLE _y019031 _ZAnnex Low-Usage Collection |
||
| 999 |
_c80033 _d80033 |
||